LEADER 01312nam a2200301Ki 4500 001 991003225129707536 008 041209s2002 enka s 001 0 eng d 035 $ab1365147x-39ule_inst 040 $aBibl. Dip.le Aggr. Ingegneria Innovazione - Sez. Ingegneria Innovazione$beng 082 04$a006.6$222 100 1 $aMcFarlane, Robert$0627342 245 10$aBeginning AutoCAD 2002$h[e-book] /$cBob McFarlane 246 30$aAutoCAD 2002 260 $aOxford ;$aBoston :$bButterworth Heinemann,$c2002 300 $avi, 387 p. :$bill. ;$c28 cm 500 $aIncludes index 533 $aElectronic reproduction.$bAmsterdam, The Netherlands :$cElsevier,$d2004.$nAvailable via World Wide Web.$nAccess is limited to subscribers of Referex Engineering on Engineering Village 2 630 00$aAutoCAD 650 0$aComputer graphics 655 7$aElectronic books.$2local 710 2 $aElsevier Science Publishers 776 1 $cOriginal$z0750656107$w(OCoLC)50700340 856 40$uhttp://www.sciencedirect.com/science/book/9780750683234$zAn electronic book accessible through the World Wide Web; click for information 907 $a.b1365147x$b03-03-22$c24-01-08 912 $a991003225129707536 996 $aBeginning AutoCAD 2002$91213368 997 $aUNISALENTO 998 $ale026$b24-01-08$cm$d@ $e-$feng$genk$h0$i0 LEADER 04628nam 22011654a 450 001 9910780377203321 005 20230331211026.0 010 $a0-520-92758-3 010 $a9786612356636 010 $a1-282-35663-1 010 $a1-59734-989-5 024 7 $a10.1525/9780520927582 035 $a(CKB)111087027178608 035 $a(EBL)223646 035 $a(OCoLC)475928677 035 $a(SSID)ssj0000269252 035 $a(PQKBManifestationID)11193628 035 $a(PQKBTitleCode)TC0000269252 035 $a(PQKBWorkID)10262279 035 $a(PQKB)10002887 035 $a(StDuBDS)EDZ0000055927 035 $a(MiAaPQ)EBC223646 035 $a(OCoLC)53001376 035 $a(MdBmJHUP)muse30827 035 $a(DE-B1597)519125 035 $a(OCoLC)1100572599 035 $a(DE-B1597)9780520927582 035 $a(Au-PeEL)EBL223646 035 $a(CaPaEBR)ebr10050792 035 $a(CaONFJC)MIL235663 035 $a(EXLCZ)99111087027178608 100 $a20020611h20022002 uy 0 101 0 $aeng 135 $aur||#|||||||| 181 $ctxt$2rdacontent 182 $cc$2rdamedia 183 $acr$2rdacarrier 200 10$aWater and American government $ethe Reclamation Bureau, national water policy, and the West, 1902-1935 /$fDonald J. Pisani 210 1$aBerkeley :$cUniversity of California Press,$d2002. 210 4$a©2002 215 $a1 online resource (xviii, 394 pages, 10 unnumbered pages of plates) $cillustrations, maps 300 $aDescription based upon print version of record. 311 0 $a0-520-23030-2 320 $aIncludes bibliographical references and index. 327 $aSaving lost lives : irrigation and the ideology of homemaking -- The perils of public works : Federal reclamation, 1902-1909 -- Case studies in irrigation and community : Twin Falls and Rupert -- An administrative morass : Federal reclamation, 1909-1917 -- Boom, bust and boom : Federal reclamation, 1917-1935 -- Uneasy allies : the Reclamation Service and the Bureau of Indian Affairs -- Case studies in water and power : the Yakima and the Pima -- Wiring the new West : the strange career of public power -- Gateway to the hydraulic age : water politics, 1920-1935 -- Conclusion : retrospect and significance. 330 $aDonald Pisani's history of perhaps the boldest economic and social program ever undertaken in the United States--to reclaim and cultivate vast areas of previously unusable land across the country-shows in fascinating detail how ambitious government programs fall prey to the power of local interest groups and the federal system of governance itself. What began as the underwriting of a variety of projects to create family farms and farming communities had become by the 1930's a massive public works and regional development program, with an emphasis on the urban as much as on the rural West. 606 $aReclamation of land$zWest (U.S.)$xHistory$y20th century 606 $aWater-supply$xGovernment policy$zWest (U.S.)$xHistory$y20th century 607 $aWest (U.S.)$xEconomic conditions$y20th century 610 $a1930s. 610 $aagriculture. 610 $aamerican west. 610 $aarable land. 610 $aarizona. 610 $aboulder dam. 610 $abureau of indian affairs. 610 $abureau of reclamation. 610 $acalifornia. 610 $acarey act. 610 $adrought. 610 $aecology. 610 $afamily farms. 610 $afarming communities. 610 $afarming. 610 $afrontier. 610 $agovernment programs. 610 $airrigation projects. 610 $aland development. 610 $aland management. 610 $anative americans. 610 $anature. 610 $anonfiction. 610 $apima. 610 $apolitics. 610 $apublic works. 610 $arupert idaho. 610 $arural. 610 $asocial program. 610 $ateddy roosevelt. 610 $athe new deal. 610 $atwin falls. 610 $aurban america. 610 $aus history. 610 $awater policy. 610 $awater rights. 610 $awater use. 610 $awater. 610 $awestern history. 610 $ayakima. 615 0$aReclamation of land$xHistory 615 0$aWater-supply$xGovernment policy$xHistory 676 $a333.91/15/0978 700 $aPisani$b Donald J$01558095 801 0$bMiAaPQ 801 1$bMiAaPQ 801 2$bMiAaPQ 906 $aBOOK 912 $a9910780377203321 996 $aWater and American government$93822221 997 $aUNINA LEADER 01108nam 2200289Ia 450 001 996391591003316 005 20221108091912.0 035 $a(CKB)1000000000662108 035 $a(EEBO)2264207820 035 $a(OCoLC)09790637 035 $a(EXLCZ)991000000000662108 100 $a19830808d1686 uy | 101 0 $aeng 135 $aurbn||||a|bb| 200 12$aA list of the prębendaries of St Paul's Church (and others), appointed to preach upon the holy-days in the year of our Lord, 1686, at Saint Peter's Church in Cornhill$b[electronic resource] 210 $aLondon $cPrinted for W. Kettilby$d1686 215 $a1 broadside 300 $aSigned: H. London. 300 $aReproduction of original in the Huntington Library. 330 $aeebo-0113 700 $aCompton$b Henry$f1632-1713.$01002665 801 1$bUMI 801 2$bWaOLN 906 $aBOOK 912 $a996391591003316 996 $aA list of the prębendaries of St Paul's Church (and others), appointed to preach upon the holy-days in the year of our Lord, 1686, at Saint Peter's Church in Cornhill$92384016 997 $aUNISA